Electromechanical energy devices and power systems /

Detalhes bibliográficos
Autor principal: Yamayee, Zia A.
Outros Autores: Bala, Juan L., 1947-
Formato: Livro
Idioma:English
Publicado em: New York : John Wiley, c1994.
Assuntos:
Classic Catalogue: View this record in Classic Catalogue
LEADER 01753nam a2200337 a 4500
001 44256
003 BD-DhAAL
005 20250421094309.0
008 250410t1994 nyua b 001 0 eng d
010 |a  93005529  
020 |a 0471572179 (alk. paper) 
020 |a 9780471572176 
040 |a DLC  |c DLC  |d DLC  |d BD-DhAAL 
050 0 0 |a TK1001  |b .Y36 1994 
082 0 0 |a 621.319  |2 20 
100 1 |a Yamayee, Zia A.  |9 58007 
245 1 0 |a Electromechanical energy devices and power systems /  |c Zia A. Yamayee, Juan L. Bala. 
260 |a New York :  |b John Wiley,  |c c1994. 
300 |a xvi, 503 pages :  |b illustrations ;  |c 24 cm 
504 |a Includes bibliographical references and index. 
526 |a EEE  |x Abu Hamed M. Abdur Rahim, PhD Professor Department of Electrical and Electronic Engineering Course Name and No. : Energy Conversion I (EEE 221) 
541 |a Karim International  |e 44256, 44345 
650 0 |a Electric power systems. 
650 0 |a Electric machinery. 
650 0 |a Electrical engineering. 
700 1 |a Bala, Juan L.,  |d 1947-  |9 58008 
852 |a Ayesha Abed Library  |c General Stacks 
942 |2 ddc  |c BK 
999 |c 47228  |d 47228 
952 |0 0  |1 0  |2 ddc  |4 0  |6 621_319000000000000_YAM  |7 0  |9 77568  |a BRACUL  |b BRACUL  |c GEN  |d 2025-03-25  |e Karim International  |g 24900.00  |l 0  |o 621.319 YAM  |p 3010044256  |r 2025-04-10  |t 1  |v 24900.00  |w 2025-03-25  |y BK  |x Requisitioned by Abu Hamed M. Abdur Rahim (Professor) for the course named - "Energy Conversion I (EEE 221)". 
952 |0 0  |1 0  |2 ddc  |4 0  |6 621_319000000000000_YAM  |7 0  |9 77595  |a BRACUL  |b BRACUL  |c GEN  |d 2025-04-17  |e Karim International  |g 12450.00  |l 0  |o 621.319 YAM  |p 3010044345  |r 2025-04-17  |t 2  |v 24900.00  |w 2025-04-17  |y BK  |x Requisitioned by Abu Hamed M. Abdur Rahim (Professor) for the course named - "Energy Conversion I (EEE 221)".